[Event "Nuremberg Zabo op 11th"]
[Site "Nuremberg"]
[Date "2009.09.19"]
[Round "3"]
[White "Heider, Wolfgang"]
[Black "Yarsev, Alexander"]
[Result "0-1"]
[WhiteElo "768"]
[BlackElo "1414"]
[PlyCount "130"]
[EventDate "2009.09.18"]
[EventType "swiss"]
[EventRounds "5"]
[EventCountry "GER"]
[SourceTitle "EXT 2012"]
[Source "ChessBase"]
[SourceDate "2011.11.24"]
[SourceVersion "1"]
[SourceVersionDate "2011.11.24"]
[SourceQuality "1"]

1. d4 f5 2. e3 Nf6 3. Nf3 e6 4. Bd2 Be7 5. Bc4 d5 6. Be2 0-0 7. 0-0 Nbd7 8. Nc3 c6 9. a3 Ne4 10. Nxe4 fxe4 11. Ne5 Qc7 12. Bg4 Nxe5 13. dxe5 Qxe5 14. Bc3 Qg5 15. h3 Bf6 16. f4 exf3 17. Rxf3 Bxc3 18. bxc3 Bd7 19. Rb1 Rxf3 20. Qxf3 Rf8 21. Qe2 b6 22. a4 Qe5 23. a5 Qxc3 24. axb6 Rb8 25. Rb3 Qa1+ 26. Kf2 Rxb6 27. e4 Rxb3 28. cxb3 Qd4+ 29. Ke1 Qxe4 30. Qxe4 dxe4 31. Ke2 g6 32. Ke3 h5 33. Be2 Kf7 34. Kxe4 Kf6 35. Ke3 c5 36. Bf1 Bc6 37. g3 Bd5 38. Bc4 Bxc4 39. bxc4 Ke5 40. g4 hxg4 41. hxg4 a5 42. Kd3 Kf4 43. Kc3 Kxg4 44. Kb3 e5 45. Ka4 e4 46. Kxa5 e3 47. Kb5 e2 48. Kxc5 e1Q 49. Kd5 Kf4 50. c5 g5 51. c6 Qe5+ 52. Kc4 Qd6 53. Kb5 Qxc6+ 54. Kxc6 g4 55. Kd5 g3 56. Ke6 g2 57. Kd6 g1Q 58. Ke6 Qc5 59. Kf6 Qe5+ 60. Kg6 Qf5+ 61. Kg7 Qe6 62. Kh7 Qg4 63. Kh6 Kf5 64. Kh7 Kf6 65. Kh6 Qg6# 0-1